Library Logo

Pioneer International University Library Catalogue

The great ascent (Record no. 3641)

MARC details
000 -LEADER
fixed length control field 00294nam a22000977a 4500
005 - DATE AND TIME OF LATEST TRANSACTION
control field 20250901165421.0
008 - FIXED-LENGTH DATA ELEMENTS--GENERAL INFORMATION
fixed length control field 210326b ||||| |||| 00| 0 eng d
050 ## - LIBRARY OF CONGRESS CALL NUMBER
Classification number HD82 .H45 1963
245 ## - TITLE STATEMENT
Title The great ascent
Remainder of title the struggle for economic development in our time
Statement of responsibility, etc. HEILBRONER, ROBERT L.
942 ## - ADDED ENTRY ELEMENTS (KOHA)
Source of classification or shelving scheme Library of Congress Classification
Holdings
Withdrawn status Lost status Source of classification or shelving scheme Damaged status Not for loan Home library Current library Shelving location Date acquired Total checkouts Full call number Barcode Date last seen Price effective from Koha item type
    Library of Congress Classification     Main Library Main Library   03/26/2021   HD82 .H45 1963 PIU0010400 03/26/2021 03/26/2021 Books